Los procesos de formación policial en Costa Rica: avances y desafíos pendientes /
Este artículo analiza los procesos de formación policial en Costa Rica a partir de sus antecedentes en la abolición de Ejército en 1949 y en el proceso de evolución del modelo de seguridad que predomina hasta finales del siglo XX. Se muestra cómo a pesar de distintos esfuerzos institucionales persis...
Na minha lista:
| Autor principal: | |
|---|---|
| Formato: | Texto |
| Assuntos: | |
| Tags: |
Adicionar Tag
Sem tags, seja o primeiro a adicionar uma tag!
|
MARC
| LEADER | 00000 a a2200000 04500 | ||
|---|---|---|---|
| 001 | 45790 | ||
| 003 | |||
| 040 | |a CRAI/IIS |c CRAI/IIS | ||
| 100 | |a Moya, Sergio | ||
| 245 | |a Los procesos de formación policial en Costa Rica: |b avances y desafíos pendientes / |c Sergio Moya | ||
| 520 | |a Este artículo analiza los procesos de formación policial en Costa Rica a partir de sus antecedentes en la abolición de Ejército en 1949 y en el proceso de evolución del modelo de seguridad que predomina hasta finales del siglo XX. Se muestra cómo a pesar de distintos esfuerzos institucionales persisten una serie de problemas como la dispersión de los cuerpos policiales, falta de definición doctrinal, problemas de reclutamiento y selección, entre otros. | ||
| 590 | |a RRH/ABRIL2014 | ||
| 650 | |a SEGURIDAD CIUDADANA | ||
| 650 | |a POLICIA | ||
| 650 | |a LEYES | ||
| 650 | |a ESTADO | ||
| 650 | |a MARCO INSTITUCIONAL | ||
| 650 | |a COSTA RICA | ||
| 773 | |g volumen30, número1 (2012), páginas 255-272 | ||
| 999 | |c 18476 |d 18476 | ||
